Statistics for Europas hovedstæder, der slutter med 'N'

Click here to take the quiz!

General Stats

  • This quiz has been taken 110 times
  • The average score is 6 of 9

Answer Stats

Huvudstad% Correct
København
96%
Berlin
88%
London
75%
Lissabon
68%
Bern
61%
Wien
61%
Athen
59%
Tallinn
56%
Dublin
53%

Score Distribution

Percentile by Number Answered

Percent of People with Each Score

Your Score History

You have not taken this quiz